000 00313nam a22001457a 4500
008 210526b ||||| |||| 00| 0 eng d
020 _a9781550771732
041 _aeng
080 _23rd
_a316
082 _a316
100 _a50
101 _aSOC
245 _aSocial Work in Canada
_cHick,S
942 _2udc
_cBK
999 _c57637
_d57637